000 00422nam a22001697a 4500
003 CEME
005 20210628203155.0
008 210203b xxu||||| |||| 00| 0 eng d
020 _a9780470127702
040 _c.
082 _a658.4092 BER
100 _aBerke, David , Kossler, Michael E
_963763
245 _aDeveloping leadership talent
260 _aUSA
_bPFEIFFER
_c2008
300 _aXIII, 136P
942 _cBK
_2ddc
999 _c572484
_d572484